| 000 | 00986nam a2200277 a 4500 | ||
|---|---|---|---|
| 001 | 20285 | ||
| 003 | BD-RjUL | ||
| 005 | 20240125105343.0 | ||
| 008 | 140227r19541933enkaf 000 1 eng d | ||
| 035 |
_a(OCoLC)13599146 _a(BD-RjUL)20285 |
||
| 040 |
_aBD-RjUL _beng _cBD-RjUL |
||
| 041 | _aeng | ||
| 082 |
_a823.7 _bAUN 1954 |
||
| 100 | 1 |
_aAusten, Jane, _d1775-1817. _962518 |
|
| 245 | 1 | 4 |
_aThe novels of Jane Austen / _cthe text based on collation of the early editions by R.W. Chapman ; with notes indexes and illustrations from contemporary sources. |
| 246 | 3 | 3 | _aWorks of Jane Austen |
| 246 | 3 | 3 | _aOxford illustrated Jane Austen |
| 250 | _a3rd ed. | ||
| 260 |
_aOxford : _bOxford University Press, _c1933 [impression 1952-1953] |
||
| 300 |
_a5 v. : _bill. ; _c20 cm. |
||
| 505 | _aVol.1-- v.3--.v.5.-- | ||
| 650 |
_a Young women _v Fiction. _zEngland _962519 |
||
| 700 | 1 |
_aChapman, R. W. _q(Robert William), _d1881-1960. _910741 |
|
| 942 |
_2ddc _cBK |
||
| 999 |
_c20285 _d20285 |
||